Sculture in vetro.

Bibliographic Details
Corporate Author: Fucina degli angeli (Venice, Italy)
Other Authors: Costantini, Egidio
Format: Book
Language:Italian
English
French
Published: Venezia : Fucina degli Angeli, [1967?]
Subjects:

MARC

Tag First Indicator Second Indicator Subfields
LEADER 00000cam a2200000 i 4500
001 in00000019624
005 20151007053658.0
008 790716s1967 it a 00010 ita d
035 |a (OCoLC)05177078 
035 |9 AAB2443AM 
040 |a YKM  |c YKM  |d m/c  |d TXA  |d UtOrBLW 
041 0 |a ita  |a eng  |a fre 
049 |a TXAM  |c [A12589740] 
050 4 |a NK5198  |b .F95 1967 
110 2 |a Fucina degli angeli (Venice, Italy) 
245 1 0 |a Sculture in vetro. 
264 1 |a Venezia :  |b Fucina degli Angeli,  |c [1967?] 
300 |a 100 unnumbered pages :  |b illustrations ;  |c 23 cm. 
336 |a text  |b txt  |2 rdacontent 
337 |a unmediated  |b n  |2 rdamedia 
338 |a volume  |b nc  |2 rdacarrier 
500 |a "Fotografie di Attilio Constantini." 
500 |a In Italian, English, French. 
650 0 |a Glassware  |y 20th century. 
650 0 |a Glass sculpture  |y 20th century. 
650 0 |a Glassware  |z Italy  |z Venice  |y 20th century. 
700 1 |a Costantini, Egidio. 
999 |a MARS 
999 f f |s 943cb028-85a1-3e95-9767-b035d1064f7a  |i e4af9227-4e3d-3eaf-93f1-ea28c9629123  |t 0 
952 f f |p normal  |a Texas A&M University  |b College Station  |c Sterling C. Evans Library  |d Evans: Library Stacks  |t 0  |e NK5198 .F95 1967  |h Library of Congress classification  |i unmediated -- volume  |m A14812589740 
998 f f |a NK5198 .F95 1967  |t 0  |l Evans: Library Stacks